000 00330nam a2200145Ia 4500
008 191201s2012 xx 000 0 und d
082 _a338.5
_bMIM
100 _aMITTAL,Abha
245 0 _aMacro Economics
250 _a1st
260 _aN. Delhi
_bS Chand and Co. Ltd.
_c2012
300 _a347
650 _aMBA
942 _2ddc
_cBK
999 _c5202
_d5202